<?xml version="1.0" encoding="UTF-8"?>
<record
    xmlns:xsi="http://www.w3.org/2001/XMLSchema-instance"
    xsi:schemaLocation="http://www.loc.gov/MARC21/slim http://www.loc.gov/standards/marcxml/schema/MARC21slim.xsd"
    xmlns="http://www.loc.gov/MARC21/slim">

  <leader>00799nam a2200229Ia 4500</leader>
  <controlfield tag="003">OSt</controlfield>
  <controlfield tag="005">20250724122458.0</controlfield>
  <controlfield tag="008">210210b1995   xxu||||| |||| 00| 0 eng d</controlfield>
  <datafield tag="040" ind1=" " ind2=" ">
    <subfield code="c">AL</subfield>
  </datafield>
  <datafield tag="041" ind1=" " ind2=" ">
    <subfield code="a">Kannada</subfield>
  </datafield>
  <datafield tag="082" ind1=" " ind2=" ">
    <subfield code="a">k894.2 LANL</subfield>
  </datafield>
  <datafield tag="100" ind1=" " ind2=" ">
    <subfield code="a">LANKESH (P).</subfield>
    <subfield code="9">151913</subfield>
    <subfield code="d">&#xCB2;&#xC82;&#xC95;&#xCC7;&#xCB6;&#xCCD; (&#xCAA;&#xCBF;)</subfield>
  </datafield>
  <datafield tag="245" ind1=" " ind2=" ">
    <subfield code="a">Lankeshara natakagalu: </subfield>
    <subfield code="b">&#xCB2;&#xC82;&#xC95;&#xCC7;&#xCB6;&#xCB0; &#xCA8;&#xCBE;&#xC9F;&#xC95;&#xC97;&#xCB3;&#xCC1;</subfield>
  </datafield>
  <datafield tag="260" ind1=" " ind2=" ">
    <subfield code="a">Bengaluru</subfield>
    <subfield code="b">Patrike Prakashana</subfield>
    <subfield code="c">1995</subfield>
  </datafield>
  <datafield tag="300" ind1=" " ind2=" ">
    <subfield code="a">86</subfield>
  </datafield>
  <datafield tag="650" ind1=" " ind2=" ">
    <subfield code="a">T Prasannana grahasthashrama  &#xCAA;&#xCCD;&#xCB0;&#xCB8;&#xCA8;&#xCCD;&#xCA8;&#xCA8; &#xC97;&#xCC3;&#xCB9;&#xCB8;&#xCCD;&#xCA5;&#xCBE;&#xCB6;&#xCCD;&#xCB0;&#xCAE;</subfield>
    <subfield code="9">151914</subfield>
  </datafield>
  <datafield tag="650" ind1=" " ind2=" ">
    <subfield code="a">polisariddare &#xCAA;&#xCCB;&#xCB2;&#xCC0;&#xCB8;&#xCB0;&#xCBF;&#xCA6;&#xCCD;&#xCA6;&#xCBE;&#xCB0;&#xCC6; &#xC8E;&#xC9A;&#xCCD;&#xC9A;&#xCB0;&#xCBF;&#xC95;&#xCC6;</subfield>
    <subfield code="9">151915</subfield>
  </datafield>
  <datafield tag="650" ind1=" " ind2=" ">
    <subfield code="a">siddate &#xCB8;&#xCBF;&#xCA6;&#xCCD;&#xCA7;&#xCA4;&#xCC6;</subfield>
    <subfield code="9">151916</subfield>
  </datafield>
  <datafield tag="690" ind1=" " ind2=" ">
    <subfield code="a">Kannada Drama</subfield>
    <subfield code="9">151917</subfield>
  </datafield>
  <datafield tag="906" ind1=" " ind2=" ">
    <subfield code="a">054919</subfield>
  </datafield>
  <datafield tag="942" ind1=" " ind2=" ">
    <subfield code="2">ddc</subfield>
    <subfield code="c">BK</subfield>
  </datafield>
  <datafield tag="999" ind1=" " ind2=" ">
    <subfield code="c">102642</subfield>
    <subfield code="d">102642</subfield>
  </datafield>
  <datafield tag="952" ind1=" " ind2=" ">
    <subfield code="0">0</subfield>
    <subfield code="1">0</subfield>
    <subfield code="2">ddc</subfield>
    <subfield code="4">0</subfield>
    <subfield code="7">0</subfield>
    <subfield code="8">KAN</subfield>
    <subfield code="a">AL</subfield>
    <subfield code="b">AL</subfield>
    <subfield code="c">Kannada Literature</subfield>
    <subfield code="d">2021-02-17</subfield>
    <subfield code="e">Athree Book Centre, Mangalore-01.</subfield>
    <subfield code="g">35.00</subfield>
    <subfield code="l">1</subfield>
    <subfield code="o">k894.2 LANL</subfield>
    <subfield code="p">054919</subfield>
    <subfield code="r">2024-08-12 00:00:00</subfield>
    <subfield code="s">2024-07-19</subfield>
    <subfield code="w">2021-02-17</subfield>
    <subfield code="y">BK</subfield>
  </datafield>
</record>
